Rosaura a las diez

Uloženo v:
Podrobná bibliografie
Hlavní autor: Denevi, Marco (Autor)
Médium: Kniha
Jazyk:španělština
Vydáno: Buenos Aires Centro Editor de América Latina 1966
Témata:
Tagy: Přidat tag
Žádné tagy, Buďte první, kdo vytvoří štítek k tomuto záznamu!

MARC

LEADER 00000nam a2200000 a 4500
001 UCT6480
003 CL-VaPUC
008 970113e19660000AG |||||||||||||||||spa|d
082 0 4 |a Ar863  |b DEN  |2 21 
100 0 |a Denevi, Marco  |e author  |9 376680 
245 1 0 |a Rosaura a las diez 
300 |a 215 p 
942 |c BK 
945 |d 19970113 00:00:00  |a nastorga 
260 |a Buenos Aires  |b Centro Editor de América Latina  |c 1966 
650 0 |a Novelas argentinas  |9 267871 
583 |a last modification  |c 19970113 00:00:00  |k Rodrigo Vera 
999 |c 255179  |d 255177 
952 |0 0  |1 0  |4 0  |6 AR_863_000000000000000_DEN_1966  |7 0  |8 A  |9 277305  |a BIBEDU  |b BIBEDU  |d 2019-11-19  |i 3266621  |o Ar863 DEN 1966  |p 3266621  |r 2019-11-19  |w 2019-11-19  |y BK  |k LIT